Estatísticas para Cultura Geral

Clique aqui para jogar o quiz

Estatísticas Gerais

  • Esse quiz foi jogado 19 vezes
  • A pontuação média é 8 de 19

Estatísticas das Respostas

HintResposta% Correto
Qual cidade abriga as praias de Ipanema e Copacabana?Rio de Janeiro
93%
Qual país é projetado para ser o mais populoso do mundo até 2030?Índia
73%
Que grupo de ilhas, propriedade da Espanha, está localizado perto da costa de Marrocos?Canárias
67%
Além dos EUA e do México, que país faz fronteira com o Golfo do México?Cuba
67%
Que grupo de ilhas portuguesas fica a cerca de 1.600 quilômetros a oeste de Lisboa?Açores
60%
Qual é o país mais densamente povoado do mundo?Mónaco
60%
Que mar inclui os golfos da Finlândia e Bótnia?Báltico
53%
Qual era a cidade mais populosa no ano 1 dC?Roma
53%
Que cidade, começando com D, é a cidade mais ocidental do continente africano?Dacar
47%
Que mar faz fronteira com a Grã-Bretanha, a Holanda e a Dinamarca?Mar do Norte
47%
Qual é o país menos densamente povoado do mundo?Mongólia
47%
Que país controla o território das Bermudas?Reino Unido
47%
Que mar faz fronteira com 25 países diferentes, mais do que qualquer outro mar?Mar das Caraíbas
33%
Qual é o estado dos EUA menos densamente povoado?Alasca
27%
Qual é a cidade mais ao norte com uma população metropolitana superior a 10 milhões?Moscovo
27%
Qual é a área urbana mais populosa que faz fronteira com o Oceano Atlântico?Nova York
27%
Que país está localizado na Dorsal Meso-Atlântica?Islândia
13%
Qual é a ilha mais populosa do mundo?Java
7%
Qual grupo de pessoas foi o primeiro a se estabelecer em ambos os lados do Atlântico?Vikings
0%

Distribuição das Pontuações

Percentil de Números Respondidos

Porcentagem de Pessoas com Cada Pontuação

Sua Pontuação Histórica

Você não jogou esse quiz